Loading...
| Science - Chemistry | 0 | 5 | 2 | 0 | 40 | 56 | 71.40 | 2 | 3 | 12.52 | 31.31 |
| Science - Biology | 0 | 2 | 0 | 0 | 20 | 60 | 61.00 | 0 | 2 | 7.91 | 13.89 |
| Literature - European | 0 | 1 | 0 | 0 | 10 | 85 | 85.00 | 0 | 0 | 2.37 | 5.05 |
| Literature - World | 0 | 1 | 0 | 0 | 10 | 80 | 80.00 | 1 | 1 | 3.27 | 9.09 |
| Fine Arts - Painting and Sculpture | 0 | 1 | 0 | 0 | 10 | 109 | 109.00 | 0 | 0 | 0.90 | 4.04 |
| Religion | 0 | 1 | 1 | 0 | 5 | 67 | 67.00 | 0 | 1 | 3.75 | 7.95 |
| Fine Arts - Classical Music | 0 | 1 | 1 | 0 | 5 | 97 | 97.00 | 0 | 1 | 1.62 | 6.82 |
| History - Other | 0 | 0 | 0 | 0 | 0 | 0.00 | 0 | 0 | 0.00 | 0.00 | |
| Mythology | 0 | 0 | 1 | 0 | -5 | 0.00 | 0 | 0 | 0.00 | 0.00 |